Statistics for Lady Gaga Songs

Click here to take the quiz!

General Stats

  • This quiz has been taken 136 times
    (122 since last reset)
  • The average score is 111 of 159

Answer Stats

Album#Answer% Correct
The Fame1Just Dance
98%
Chromatica19Stupid Love (Vitaclub Warehouse Mix)
98%
The Fame Monster (International Deluxe, CD 2)1Just Dance
98%
The Fame4Poker Face
98%
Chromatica8911
98%
Chromatica7Chromatica II
98%
Chromatica4Rain On Me (ft. Ariana Grande)
98%
Chromatica3Stupid Love
98%
Chromatica1Chromatica I
98%
The Fame Monster (International Deluxe, CD 2)4Poker Face
98%
ARTPOP15Applause
98%
Born This Way (International Special Edition Version, CD 2)1Born This Way - The Country Road Version
95%
Born This Way (International Special Edition Version, CD 2)6Born This Way - Jost & Naaf Remix
95%
ARTPOP2Venus
95%
ARTPOP3G.U.Y.
95%
ARTPOP8Artpop
95%
A Star Is Born Soundtrack6Shallow - Radio Edit
95%
Chromatica13Chromatica III
95%
Chromatica10Sour Candy (ft. BLACKPINK)
95%
Born This Way (International Special Edition Version, CD 1)2Born This Way
95%
Chromatica181000 Doves (Piano Demo)
93%
Joanne (Deluxe)2A-YO
93%
Joanne (Deluxe)3Joanne
93%
Chromatica2Alice
93%
Chromatica11Enigma
93%
Chromatica151000 Doves
93%
The Fame Monster (International Deluxe, CD 1)1Bad Romance
93%
Born This Way (International Special Edition Version, CD 1)1Marry The Night
90%
Born This Way (International Special Edition Version, CD 1)16You And I
90%
The Fame Monster (International Deluxe, CD 1)6Telephone (ft. Beyoncé)
90%
Chromatica16Babylon
90%
The Fame2LoveGame
90%
A Very Gaga Holiday3Yoü And I
90%
The Fame Monster (International Deluxe, CD 1)2Alejandro
90%
Born This Way (International Special Edition Version, CD 2)3Marry The Night - Zedd Remix
90%
The Fame Monster (International Deluxe, CD 2)2LoveGame
90%
The Fame Monster (International Deluxe, CD 2)3Paparazzi
90%
Chromatica14Sine from Above (ft. Elton John)
90%
The Fame3Paparazzi
90%
Joanne (Deluxe)6Perfect Illusion
88%
The Fame Monster (International Deluxe, CD 1)3Monster
88%
Chromatica12Replay
88%
ARTPOP11Fashion!
88%
The Fame Monster (International Deluxe, CD 2)9The Fame
88%
Born This Way (International Special Edition Version, CD 1)6Hair
88%
The Fame7The Fame
88%
The Fame12Brown Eyes
88%
The Fame Monster (International Deluxe, CD 2)13Brown Eyes
88%
Joanne (Deluxe)7Million Reasons
88%
ARTPOP1Aura
88%
A Very Gaga Holiday4The Edge Of Glory
86%
The Fame14Summerboy
86%
ARTPOP13Dope
86%
Chromatica5Free Woman
86%
ARTPOP7Do What U Want (ft. R. Kelly)
86%
The Fame Monster (International Deluxe, CD 1)5Dance In The Dark
86%
ARTPOP10Donatella
86%
Born This Way (International Special Edition Version, CD 2)2Judas - DJ White Shadow Remix
86%
The Fame Monster (International Deluxe, CD 1)8Teeth
86%
Born This Way (International Special Edition Version, CD 1)17The Edge Of Glory
86%
The Fame Monster (International Deluxe, CD 2)14Summerboy
86%
Born This Way (International Special Edition Version, CD 1)12Highway Unicorn (Road To Love)
86%
Born This Way (International Special Edition Version, CD 1)4Judas
86%
Joanne (Deluxe)4John Wayne
83%
Chromatica9Plastic Doll
83%
Chromatica6Fun Tonight
83%
Cheek To Cheek (Deluxe)2Cheek To Cheek
83%
ARTPOP14Gypsy
83%
The Fame Monster (International Deluxe, CD 1)4Speechless
83%
ARTPOP9Swine
83%
Born This Way (International Special Edition Version, CD 1)10Bad Kids
81%
Joanne (Deluxe)5Dancin' In Circles
81%
Born This Way (International Special Edition Version, CD 1)8Bloody Mary
81%
The Fame10Boys Boys Boys
81%
ARTPOP12Mary Jane Holland
81%
Born This Way (International Special Edition Version, CD 1)13Heavy Metal Lover
81%
ARTPOP6MANiCURE
81%
The Fame Monster (International Deluxe, CD 2)11Boys Boys Boys
81%
ARTPOP4Sexxx Dreams
81%
The Fame Monster (International Deluxe, CD 1)7So Happy I Could Die
81%
The Fame11Paper Gangsta
79%
The Fame Monster (International Deluxe, CD 2)12Paper Gangsta
79%
Joanne (Deluxe)14Angel Down - Work Tape
79%
Joanne (Deluxe)11Angel Down
79%
The Fame5Eh, Eh (Nothing Else I Can Say)
79%
The Fame Monster (International Deluxe, CD 2)6Eh, Eh (Nothing Else I Can Say)
79%
The Fame15Disco Heaven
79%
Born This Way (International Special Edition Version, CD 1)3Government Hooker
79%
The Fame Monster (International Deluxe, CD 2)15Disco Heaven
79%
Born This Way (International Special Edition Version, CD 1)14Electric Chapel
79%
Born This Way (International Special Edition Version, CD 1)15The Queen
79%
Joanne (Deluxe)10Hey Girl (ft. Florence Welch)
76%
A Star Is Born Soundtrack19I'll Never Love - Extended Version - Radio Edit
76%
Born This Way (International Special Edition Version, CD 1)5Americano
76%
Born This Way (International Special Edition Version, CD 1)7Scheiẞe
76%
The Fame Monster (International Deluxe, CD 2)10Money Honey
76%
Joanne (Deluxe)1Diamond Heart
76%
Born This Way (International Special Edition Version, CD 2)4Scheiẞe - DJ White Shadow Mugler
76%
The Fame8Money Honey
76%
ARTPOP5Jewels 'N Drugs (ft. T.I., Too Short, Twista)
76%
Born This Way (International Special Edition Version, CD 1)9Black Jesus + Amen Fashion
74%
Joanne (Deluxe)9Come To Mama
74%
The Fame6Beautiful, Dirty, Rich
71%
The Fame9Starstruck
71%
A Star Is Born Soundtrack9Always Remember Us This Way
71%
SinglesThe Cure
71%
The Fame Monster (International Deluxe, CD 2)8Beautiful, Dirty, Rich
71%
The Fame Monster (International Deluxe, CD 2)7Starstruck
71%
Born This Way (International Special Edition Version, CD 2)5Fashion Of His Love - Fernando Garibay Remix
69%
Born This Way (International Special Edition Version, CD 1)11Fashion Of His Love
69%
Joanne (Deluxe)8Sinner's Prayer
67%
Chromatica17Love Me Right
67%
Joanne (Deluxe)13Just Another Day
64%
The Fame Monster (International Deluxe, CD 2)5I Like It Rough
64%
A Star Is Born Soundtrack14Why Did You Do That?
64%
The Fame13I Like It Rough
64%
A Star Is Born Soundtrack11Heal Me
62%
A Star Is Born Soundtrack2La Vie En Rose
62%
The Fame Monster (International Deluxe, CD 2)16Retro, Dance, Freak
62%
Joanne (Deluxe)12Grigio Girls
62%
A Star Is Born Soundtrack18I'll Never Love Again - Film Version - Radio Edit
57%
A Star Is Born Soundtrack10Look What I Found
55%
A Star Is Born Soundtrack13Is That Alright?
55%
A Star Is Born Soundtrack15Hair Body Face
55%
A Star Is Born Soundtrack5Alibi
48%
SinglesTil It Happens To You
48%
A Star Is Born Soundtrack7Music To My Eyes
45%
A Star Is Born Soundtrack16Before I Cry
43%
FeaturedChillin (Wale)
43%
SinglesThe Lady Is a Tramp (with Tony Bennett)
40%
A Star Is Born Soundtrack8Diggin' My Grave
40%
A Star Is Born Soundtrack1Black Eyes
40%
A Star Is Born Soundtrack3Maybe It's Time
40%
SinglesChristmas Tree (ft. Space Cowboy)
40%
Cheek To Cheek (Deluxe)1Anything Goes
33%
A Star Is Born Soundtrack12I Don't Know What Love Is
33%
Cheek To Cheek (Deluxe)6Goody Goody
33%
A Star Is Born Soundtrack17Too Far Gone
31%
A Very Gaga Holiday1White Christmas
29%
A Star Is Born Soundtrack4Out Of Time
29%
SinglesVanity
26%
A Very Gaga Holiday2Orange Colored Sky
21%
Featured3-Way (The Lonely Island, Justin Timberlake)
21%
Cheek To Cheek (Deluxe)8Firefly
21%
Cheek To Cheek (Deluxe)15It Don't Mean A Thing (If It Ain't Got That Swing)
19%
SinglesYour Song
19%
Cheek To Cheek (Deluxe)9I Won't Dance
17%
Cheek To Cheek (Deluxe)11Lush Life
14%
Cheek To Cheek (Deluxe)5Nature Boy
14%
Cheek To Cheek (Deluxe)4I Can't Give You Anything But Love
14%
Cheek To Cheek (Deluxe)12Sophisticated Lady
10%
Cheek To Cheek (Deluxe)10They All Laughed
7%
Cheek To Cheek (Deluxe)7Ev'ry Time We Say Goodbye
7%
Cheek To Cheek (Deluxe)17Bewitched, Bothered And Bewildered
5%
Cheek To Cheek (Deluxe)14But Beautiful
5%
Cheek To Cheek (Deluxe)13Let's Face The Music And Dance
5%
Cheek To Cheek (Deluxe)3Don't Wait Too Long
5%
SinglesWinter Wonderland (ft. Tony Bennett)
2%
Cheek To Cheek (Deluxe)16On A Clear Day (You Can See Forever)
0%

Score Distribution

Percentile by Number Answered

Percent of People with Each Score

Your Score History

You have not taken this quiz since the last reset